• 首页
  • 本馆介绍
  • 公告通知
  • 最新文献
  • 馆藏检索
  • 电子资源
  • 读者导购
  • 参考咨询
  • 我的图书馆
  • 登录
  • 详细信息显示
  • 放入我的书架
  • 预约/预借图书
  • 作者相关作品
  • 分类相关作品
  • 丛书相关作品
  • 出版社相关作品

书目信息

  • 表格格式
  • 工作单格式
  • 卡片格式
题名:
安持精舍印冣
    
 
作者: ;上海人民美术出版社 编辑
分册:  
出版信息: 上海   上海人民美术出版社  1982
页数: 1册
开本: 20cm
丛书名:
单 册:
中图分类: J292.47
科图分类:
主题词: 书法--中国 , 篆刻--中国
电子资源:
ISBN:
000 00632nam0 2200205 450
001 0650999936
005 20061114141402.87
010    @dCNY11.60
100    @a20061114d1982 km y0chiy0120 ea
101 0  @achi
102    @aCN@b310000
200 1  @a安持精舍印冣@Aan chi jing she yin ju@f上海人民美术出版社编辑@Fshang hai ren min mei shu chu ban she bian ji
210    @a上海@c上海人民美术出版社@d1982
215    @a1册@d20cm
606 0  @a书法@x中国
606 0  @a篆刻@x中国
690    @aJ292.47@v3
711  0 @a上海人民美术出版社@Ashang hai ren min mei shu chu ban she@4编辑
801  0 @aCN@bPFT@c20061114
905    @a10447@dJ292.47@e201
    
    安持精舍印冣/上海人民美术出版社编辑.-上海:上海人民美术出版社,1982
    1册;20cm
    
    
    ISBN :CNY11.60
    
●
相关链接 在E读中查询图书 在五车中查询图书 在当当中查询图书 在豆瓣中查询图书


正题名:安持精舍印冣     索取号:J292.47/201         预约/预借

序号 登录号 条形码 馆藏地/架位号 状态 备注
1 0217966   001210530   第一样本阅览室/ [索取号:J292.47/201] 在馆    
唐山师范学院图书馆 欢迎您!
大连网信软件有限公司© 版权所有